BIBLIOTECA

SENCICO

Arquitectura y armonía / (Registro nro. 4285)

Detalles MARC
000 -LEADER
fixed length control field 00679nam a22002417a 4500
003 - CONTROL NUMBER IDENTIFIER
control field PE SENCICO BE
005 - DATE AND TIME OF LATEST TRANSACTION
control field 20251020182641.0
008 - FIXED-LENGTH DATA ELEMENTS--GENERAL INFORMATION
fixed length control field 230821b |||||||| |||| 00| 0 eng d
020 ## - INTERNATIONAL STANDARD BOOK NUMBER
International Standard Book Number 978-607-17-2032-0
040 ## - CATALOGING SOURCE
Original cataloging agency PE SENCICO BE
Transcribing agency PE SENCICO BE
041 ## - LANGUAGE CODE
Language code of text/sound track or separate title spa
082 ## - DEWEY DECIMAL CLASSIFICATION NUMBER
Classification number 701.8
Item number M28
100 1# - MAIN ENTRY--PERSONAL NAME
9 (RLIN) 1404
Personal name Mateu Poch, Luis
Relator term autor
245 1# - TITLE STATEMENT
Title Arquitectura y armonía /
Statement of responsibility, etc. Luis Mateu Poch
250 ## - EDITION STATEMENT
Edition statement 2a ed.
260 ## - PUBLICATION, DISTRIBUTION, ETC.
Place of publication, distribution, etc. México :
Name of publisher, distributor, etc. Trillas,
Date of publication, distribution, etc. 2014
300 ## - PHYSICAL DESCRIPTION
Extent 76 páginas :
Other physical details il., diagrs. ;
Dimensions 21 cm.
650 10 - SUBJECT ADDED ENTRY--TOPICAL TERM
9 (RLIN) 49
Topical term or geographic name entry element Arquitectura
650 20 - SUBJECT ADDED ENTRY--TOPICAL TERM
9 (RLIN) 1405
Topical term or geographic name entry element Simetría (Arte)
650 20 - SUBJECT ADDED ENTRY--TOPICAL TERM
9 (RLIN) 1406
Topical term or geographic name entry element Proporción (Arte)
910 ## - USER-OPTION DATA (OCLC)
-- hfp
-- hfp
942 ## - ADDED ENTRY ELEMENTS (KOHA)
Source of classification or shelving scheme Dewey Decimal Classification
Koha item type Libros
Existencias
Fecha de la última vez que lo usaron Número de ingreso o de inventario Pago total Signatura topográfica completa Precio efectivo desde Tipo de documento Estado perdido Sistema de clasificación Estado dañado No es para préstamo Retirado Ubicación permanente Ubicación actual Fecha de adquisición Fuente de adquisición
21/08/2023 16644   701.8/M28/2014 21/08/2023 Libros   Dewey Decimal Classification       Biblioteca Central Lima Biblioteca Central Lima 03/08/2023 Comprado de la librería Cydma Tech